00442nam a2200157Ia 4500003000400000005001700004008004100021020001800062040000900080082001900089100002500108245009100133260004000224300000900264650001100273OSt20201230104503.0190216s9999||||xx |||||||||||||| ||und|| a9788187570776 coclc a492.782bRAH/L aRahman, Syed Azizur  0aLet`s Speak Arabic :bLearn Arabic Conversation In Just One Week /cSyed Azizur Rahman bGood Word Books,c2007.aNew Delhi: a206p aArabic